| 000 | 01025nam a22002177a 4500 | ||
|---|---|---|---|
| 999 |
_c12562 _d12562 |
||
| 003 | AR-CdUCM | ||
| 008 | 190409b ||||| |||| 00| 0 spa d | ||
| 040 |
_aMUNICIPALIDAD PROVINCIAL DEL CUSCO _cBIBLIOTECA MUNICIPAL DEL CUSCO |
||
| 082 |
_aC / 300 / _bV21 |
||
| 100 |
_aValencia Espinoza, Abraham _912606 |
||
| 245 | _aTaytacha Temblores Patrón Jurado del Cuzco / | ||
| 260 |
_aCuzco : _bCentro de estudios andinos Cuzco, |
||
| 300 |
_a168 páginas ; _bIlustraciones, _c21 cm. |
||
| 440 |
_aArqueología, etnohistoria y etnología de la ciudad del Cuzco y su región ; _n2 _930446 |
||
| 505 | _aContenido: Cuzco y la presencia de la cultura accidental -- Colonia española y la iglesia cristiana cuzqueña -- Taytanchis temblores -- Celebraciones al taytacha de los temblores -- Interacción entre dios y el hombre ... | ||
| 650 |
_aAntropología cultural _95134 |
||
| 650 |
_aReligión _91195 |
||
| 710 |
_aUniversidad Nacional de San Antonio Abad del Cusco _915942 |
||
| 942 |
_2ddc _cLIBROS |
||
| 945 |
_aacv _d2019-04-09 |
||